000 00334 a2200109 4500
001 ART_42202
005 20260410161806.0
008 260409a
245 1 0 _aRégimen sancionatorio de la sindicatura
100 1 _aArduino, Augusto H.L.
773 0 _tDoctrina Societaria y Concursal
_g- Nº 296 (jul. 2012)
_wREV4298
999 _c21046
_d21046